000 00600nam a22002297a 4500
003 UA-OsUOA
001 35694
007 ta
008 20051212b un ||||| |||| 00| 0 ukr d
090 _a72(477-25)(092)(084)
_bА56
942 _cBK
040 _aUA-OsUOA
_bukr
_cUA-OsUOA
_dUA-OsUOA
245 _a"Архітектори Києва"
_bАльбом-довідник
300 _a136 с.
955 _a4
041 _aukr
080 _a72(477-25)(092)(084)
020 _a966-95954-0-1
260 _aК.
_bКорлайн
_c2001
650 7 _a72 Архітектура
_2UDC
999 _c322036
_d322036